[Event "PHI-ch U10"]
[Site "San Antonio"]
[Date "2014.04.23"]
[Round "4"]
[White "De Luna, Adrian"]
[Black "Aparte, Haein Angelito"]
[Result "1-0"]
[WhiteElo "1847"]
[BlackElo "1737"]
[PlyCount "97"]
[EventDate "2014.04.21"]
[EventType "swiss"]
[EventRounds "13"]
[EventCountry "PHI"]
[SourceTitle "CBM 160 Extra"]
[Source "ChessBase"]
[SourceDate "2014.07.01"]
[SourceVersion "1"]
[SourceVersionDate "2014.07.01"]
[SourceQuality "1"]

1. d4 d5 2. Nf3 c6 3. Bf4 e6 4. e3 f5 5. Ne5 Nf6 6. Nd2 Bd6 7. Nd3 Ne4 8. Qh5+ g6 9. Qh6 Bxf4 10. Nxf4 Qf6 11. Nxe4 dxe4 12. Bc4 a5 13. a4 Na6 14. c3 Nc7 15. h4 Qf7 16. h5 gxh5 17. Be2 Kd8 18. Bxh5 Qf8 19. Bg6 Nd5 20. Nxd5 cxd5 21. Qxf8+ Rxf8 22. Rxh7 Rg8 23. Rh6 Kc7 24. g3 Bd7 25. Ke2 Rh8 26. Rah1 Rxh6 27. Rxh6 Bxa4 28. Bf7 Bb5+ 29. Kd2 Bd7 30. Rg6 a4 31. Bxe6 Bxe6 32. Rxe6 a3 33. bxa3 Rxa3 34. Re5 Ra2+ 35. Ke1 Rc2 36. Rxf5 Rxc3 37. Rxd5 b6 38. Kd1 Kc6 39. Re5 b5 40. Rc5+ Rxc5 41. dxc5 Kxc5 42. Kc2 Kd5 43. Kc3 Ke5 44. Kb4 Kf5 45. Kxb5 Kg4 46. Kc4 Kf3 47. Kd4 Kxf2 48. g4 Kf3 49. g5 1-0

[Event "PHI-ch U10"]
[Site "San Antonio"]
[Date "2014.04.22"]
[Round "2"]
[White "Concio, Michael Jr"]
[Black "Aparte, Haein Angelito"]
[Result "1-0"]
[WhiteElo "1926"]
[BlackElo "1737"]
[PlyCount "111"]
[EventDate "2014.04.21"]
[EventType "swiss"]
[EventRounds "13"]
[EventCountry "PHI"]
[SourceTitle "CBM 160 Extra"]
[Source "ChessBase"]
[SourceDate "2014.07.01"]
[SourceVersion "1"]
[SourceVersionDate "2014.07.01"]
[SourceQuality "1"]

1. e4 d5 2. exd5 Qxd5 3. Nc3 Qd8 4. h3 Nf6 5. Nf3 e6 6. d4 c6 7. Bg5 Be7 8. Bc4 0-0 9. 0-0 Nbd7 10. Re1 Nd5 11. Bxe7 Qxe7 12. Nxd5 cxd5 13. Bxd5 Nb6 14. Bb3 Qf6 15. Qd2 Bd7 16. Qg5 Qxg5 17. Nxg5 h6 18. Ne4 Bc6 19. Rad1 Rfd8 20. f3 a5 21. a3 Rac8 22. Nc5 a4 23. Ba2 Nd5 24. Bxd5 Bxd5 25. c3 Rb8 26. Rd2 b5 27. Rde2 Bc4 28. Re5 Rd5 29. f4 Rbd8 30. Rxd5 Rxd5 31. Re5 Rxe5 32. dxe5 Kf8 33. Kf2 Bd5 34. g3 Ke7 35. Ke3 f6 36. Kd4 Kd8 37. h4 f5 38. c4 Bxc4 39. Nxa4 Kc7 40. Nc3 Kc6 41. a4 Bf1 42. Nxb5 Bxb5 43. axb5+ Kxb5 44. Kc3 Kc5 45. h5 Kd5 46. b4 Ke4 47. Kc4 Kf3 48. b5 Kxg3 49. b6 Kxf4 50. b7 Kxe5 51. b8Q+ Ke4 52. Qg3 f4 53. Qxg7 e5 54. Qxh6 f3 55. Qd2 Kf5 56. Qe3 1-0